000 00487nam a2200181 4500
001 126618
003 ES-MaACL
005 20230906192841.0
007 t|
008 070214s1972 sp r ||||1| spa d
100 1 _aRequena, José María.
_996293
245 1 3 _aEl cuajarón /
_cJosé María Requena.
250 _a1ª ed.
260 _aBarcelona :
_bDestino,
_c1972.
300 _a205 p. ;
_c19 cm.
500 _aPremio Eugenio Nadal 1971.
852 _aES-MaACL
_jC-42477
_bR.81129
999 _c126618
_d126618